000 00290nam a22001337a 4500
008 170623b xxu||||| |||| 00| 0 eng d
020 _a9780072365276
041 _aeng
080 _a32
100 _a21
101 _aSHP
245 _aCOMPARATIVE POLITICS
_cSEE.CH
942 _2udc
_cBK
999 _c19065
_d19065